000 00562cam a22001457a 4500
008 180718b1954 xxu||||| |||| 00| 0 eng d
082 _aT2195x5452 M267
100 _aMadras. Committee for Leather Industry and Trade
245 _aReport of the Committee for Leather Industry and Trade
_cby Industries, Labour and Co-operation Department
260 _aMadras
_bIndustries and Co-operation Department
_c1954
300 _a51+p.
500 _aChairman: B.M. Das
700 _aMadras. Industries, Labour and Co-operation Department
700 _aDas, B.M. (Chairman)
999 _c489839
_d489839